00929nam a2200265 a 450000100060000000300080000600500170001400800410003102000150007203500190008704000320010604100080013808200210014610000400016724500630020726000390027030000320030950000390034150000480038050400260042865000330045494200120048799900170049995201470051674768BD-RjUL20211209082610.0181202s1971 enka b 000 0 eng  a0412102307 a(BD-RjUL)74986 aDLCcDLCdDLCdBD-RjULbeng aeng00a544.63bSTI 19711 aSteele, D.q(Derek),d1935-922550014aThe interpretation of vibrational spectrac[by] D. Steele. aLondon :bChapman and Hall,c1971. avii, 67 p.;billus.c25 cm. aText inside front and back covers. a"Distributed in the USA by Barnes & Noble." aBibliography: p. [66] 0aVibrational spectra.9225501 2ddccBK c74768d74768 00102ddc40718NFICaRUCLbRUCLcReadingd1977-05-16eW. Heffer and sonsg1.25l0o544.63 STI 1971r2018-12-02 00:00:00tC-1w2018-12-02yBK